UBT Library

Sustainable development and Canada : (Record no. 41278)

000 -LEADER
fixed length control field 00837cam a2200277 a 4500
001 - CONTROL NUMBER
control field 12506308
005 - DATE AND TIME OF LATEST TRANSACTION
control field 20180130065224.0
008 - FIXED-LENGTH DATA ELEMENTS--GENERAL INFORMATION
fixed length control field 010817s2001 onc b 001 0 eng d
010 ## - LIBRARY OF CONGRESS CONTROL NUMBER
LC control number 2001273520
016 ## - NATIONAL BIBLIOGRAPHIC AGENCY CONTROL NUMBER
Record control number 20019307713
020 ## - INTERNATIONAL STANDARD BOOK NUMBER
International Standard Book Number 1551113236
035 ## - SYSTEM CONTROL NUMBER
System control number (OCoLC)ocm46810611
040 ## - CATALOGING SOURCE
Original cataloging agency CaOTU
Language of cataloging eng
Transcribing agency NLC
Modifying agency DLC
041 ## - LANGUAGE CODE
Language code of text/sound track or separate title eng
042 ## - AUTHENTICATION CODE
Authentication code lccopycat
043 ## - GEOGRAPHIC AREA CODE
Geographic area code n-cn---
080 ## - UNIVERSAL DECIMAL CLASSIFICATION NUMBER
Universal Decimal Classification number 914 pat
082 ## - DEWEY DECIMAL CLASSIFICATION NUMBER
Edition number 574 pat
100 ## - Rafti
Rafti 9
101 ## - Shkurtesa
Shkurtesa mje
245 00 - TITLE STATEMENT
Title Sustainable development and Canada :
Statement of responsibility, etc by O.P. Dwivedi ... [et al.].
504 ## - BIBLIOGRAPHY, ETC. NOTE
Bibliography, etc Includes bibliographical references (p. 311-328) and index.
906 ## - LOCAL DATA ELEMENT F, LDF (RLIN)
a 7
b cbc
c copycat
d 2
e ncip
f 20
g y-gencatlg
942 ## - ADDED ENTRY ELEMENTS (KOHA)
Source of classification or shelving scheme
Item type Books
Holdings
Withdrawn status Lost status Source of classification or shelving scheme Damaged status Not for loan Collection code Permanent location Current location Shelving location Date acquired Total Checkouts Full call number Barcode Date last seen Price effective from Koha item type
          Koleksioni i përgjithshem UBT - Lipjan UBT - Lipjan Koleksioni i përgjithshem 01/30/2018   574 pat 002-2996922 01/30/2018 01/30/2018 Books
UBT Library © 2015-2024. All rights reserved University Education for Business and Technology